Biotecnología (Registro nro. 176)

Detalles MARC
000 -CABECERA
Campo de control 00621nam a2200217 a 4500
005 - FECHA Y HORA DE LA ULTIMA TRANSACCION
Campo de control 20191224041516.0
008 - ELEMENTOS DE LONGITUD FIJA—INFORMACION GENERAL
Campo de control 140219b1993 ck ||||| |||| 00| 0 spa d
040 ## - FUENTE DE CATALOGACIÓN
Agencia catalogadora original CO-BoIAVH
Agencia transcriptora CO-BoIAVH
041 ## - IDIOMA
Código de idioma para texto/pista de sonido o título separado Español
044 ## - PAÍS DE PUBLICACIÓN
País de publicación Colombia
082 ## - NUMERO DE CLASIFICACION DECIMAL DEWEY
Número de clasificación 660.62
Número del ítem C95b
100 ## - ASIENTO PRINCIPAL--NOMBRE PERSONAL
Nombre personal Crueger, Wulf
9 (RLIN) 6790
245 14 - MENCION DE TITULO
Título Biotecnología
Parte restante del título manual de microbiología industrial
260 ## - PUBLICACION, DISTRIBUCION, ETC. (PIE DE IMPRENTA)
Lugar de publicación, distribución, etc. Zaragoza
Nombre del editor, distribuidor, etc. Editorial Acribia
Fecha de publicación, distribución, etc. 1993
300 ## - DESCRIPCION FISICA
Extensión 413 páginas
Dimensiones 23 x 16cm
650 14 - ASIENTO SECUNDARIO DE MATERIA - TERMINO TEMATICO
Término temático o nombre geográfico como elemento de entrada Microbiología
9 (RLIN) 6791
650 14 - ASIENTO SECUNDARIO DE MATERIA - TERMINO TEMATICO
Término temático o nombre geográfico como elemento de entrada Biotecnología
9 (RLIN) 84880
650 14 - ASIENTO SECUNDARIO DE MATERIA - TERMINO TEMATICO
Término temático o nombre geográfico como elemento de entrada Métodos de laboratorio
9 (RLIN) 3515
700 ## - ASIENTO SECUNDARIO - NOMBRE PERSONAL
Nombre personal Crueger, Anneliese
9 (RLIN) 6793
942 ## - ELEMENTOS ADICIONALES (KOHA)
Tipo de ítem Libro
Sistema de clasificación Dewey Decimal Classification
Existencias
Withdrawn status Lost status Sistema de Clasificación Damaged status No para préstamo Colección Inventariado Ubicación Permanente Ubicación actual Fecha de adquisición Fuente de Valor Valor Total Checkouts Número topográfico Inventario / Código de Barras Date last seen Ejemplar Price effective from Forma de adquisición Tipo de material
    Dewey Decimal Classification     General Inventariado 2017 Sala Fabio Quevedo Sala Fabio Quevedo 23/12/1997 Instituto 39000.00   LB-660.62 C95b 000221 04/12/2012 Ej. 1 04/12/2012 Donación Libro